Poema de mio cid /
Guardado en:
| Autor Principal: | |
|---|---|
| Formato: | Libro |
| Publicado: |
Buenos Aires :
Losada,
1976
|
| Edición: | 10a. ed. |
| Materias: | |
| Etiquetas: |
Agregar Etiqueta
Sin Etiquetas, Sea el primero en etiquetar este registro!
|
| LEADER | 00921nam a22002535a 4500 | ||
|---|---|---|---|
| 001 | CEM.cems000529 | ||
| 005 | 20060210000000.0 | ||
| 008 | 130507s1976##################000#0#####d | ||
| 003 | CEMS | ||
| 082 | 0 | 4 | |a 861.1 |
| 100 | 1 | |a Anónimo | |
| 245 | 1 | 0 | |a Poema de mio cid / |
| 250 | |a 10a. ed. | ||
| 260 | |a Buenos Aires : |b Losada, |c 1976 | ||
| 300 | |a 249 p. | ||
| 500 | |a Texto antiguo y versión romance moderno | ||
| 505 | 0 | |a Texto antiguo seg£n la edición cr¡tica de Ramón Menéndez Pidal y versión en romance moderno de Pedro Salinas. Introducción de Pedro Henriquez Ure¤a. | |
| 653 | |a Literatura | ||
| 653 | |a Literatura espaÑola | ||
| 653 | |a Poesia epica | ||
| 653 | |a Poesia espaÑola | ||
| 859 | |a CEMS |b BIB. CEMS - 11 de abril |h 861.1 |i P752-4a10 |p 5335.76 |t Ej.1 | ||
| 859 | |a CEMS |b BIB. CEMS - 11 de abril |h 861.1 |i P752-4a10 |p 5336.76 |t Ej.2 | ||
| 859 | |a CEMS |b BIB. CEMS - 11 de abril |h 861.1 |i P752-4a10 |p 5337.76 |t Ej.3 | ||
